000 00601nam a2200169Ia 4500
008 090711s9999 xx 000 0 und d
082 _b49934
100 _aजायस्वाल जयनारायण
245 _aनिर्दोष आहार पध्दती
260 _c1981
300 _a83
600 _aजायस्वाल जयनारायण
630 _aनिर्दोष आहार पध्दती
700 _aजायस्वाल जयनारायण
730 _aनिर्दोष आहार पध्दती
942 _cBOOK
999 _c309642
_d309642